00534 a2200157 4500010001400000020002300014035001300037037001500050082000800065100002400073245009100097260004600188270006400234300002800298500005000326 aENG-88422 a0195690451c695.00 aEN-71955 bDBAD / PUB14a2801 aWebster, John C. B.1 aA social history of christianity:cby John C. B. Websterbnorth-west India since 1800/ aNew DelhibOxford University Pressc2007 aYMCA Library Building, Jai Singh Road,bNew Delhie110 001 axiv, 410 p.c23cm (Hb) aincludes bibliographical references and index